000 00839cam a2200265 i 4500
001 ssj0001830126
003 EG-ScBUE
005 20260406093421.0
008 190911t2016 maua f 000 0 eng d
020 _a9781631590658
040 _aDLC
_beng
_erda
_cDLC
_dDLC
_dWaSeSS
082 0 4 _a743.4
_222
_bHUS
100 1 _aHuston, Steve,
_eauthor.
245 1 0 _aFigure drawing for artists :
_bmaking every mark count /
_cSteve Huston.
264 1 _aBeverly, MA :
_bQuarto Publishing Group,
_c[2016]
264 4 _cc2016
300 _a192 pages :
_bcolor illustrations ;
_c26 cm
336 _2rdacontent
_atext
_btxt
337 _2rdamedia
_aunmediated
_bn
338 _2rdacarrier
_avolume
_bnc
650 7 _aFigure drawing
_xTechnique.
_2BUEsh
650 7 _aHuman figure in art
_xTechnique.
_2BUEsh
655 _vReading book
942 _2ddc
_cBB
999 _c31168
_d31139